000 00673nam a2200241Ia 4500
003 OSt
005 20220918230452.0
006 a|||||r|||| 00| 0
007 ta
008 220917b |||||||| |||| 00| 0 eng d
024 _a253,992
037 _cTextual
040 _aARTS
_cARTS
_beng
041 _2eng
_aeng
082 _aV63CL:1wL86, L5
100 _aThompson Leonard
245 0 _aSurvival in two worlds
_b Moshoeshoe of Leosotho 1786-1870
260 _aOxford
_bClarendon Press UK
_c1975
300 _axxii,389p. Plates6
_ccm.
650 _aHISTORY
942 _hV63CL:1wL86, L5
_cTEXL
_2CC
999 _c288118
_d288118